00705nam a2200193 a 45000010005000000030005000050050017000100080041000270400020000681000043000882450107001312600014002386500030002526500046002826500056003289420013003849990015003979520099004122000CDMR20131031103719.0130130s ||||||||||||||||||||||||||||d aCDMRbcatcCDMR1 aHernández Puértolas, Juan M.9149314aLas elecciones americanas de 1972 según el International Herald TribunecJuan M. Hernandez Puertolas aBarcelona0493470aPremsa i política0494239aEleccionsxCobertura periodística0494228aEstats Units d'AmèricaxPolítica i govern cTSN2ddc c2000d2000 001040708ESC_PaCDMRbCDMRd2013-01-16l0oTa 12pCDMR13097170r2013-01-16w2013-01-16yTSN